|
|
|
|
| LEADER |
01783cas a2200241 a 4500 |
| 001 |
AALejournalIMF006233 |
| 008 |
230101c9999 xx r poo 0 0eng d |
| 020 |
|
|
|c 5.00 USD
|
| 020 |
|
|
|z 9781451962000
|
| 022 |
|
|
|a 1018-5941
|
| 040 |
|
|
|a BD-DhAAL
|c BD-DhAAL
|
| 100 |
1 |
|
|a Imam, Patrick.
|
| 245 |
1 |
0 |
|a Exchange Rate Choices of Microstates /
|c Patrick Imam.
|
| 264 |
|
1 |
|a Washington, D.C. :
|b International Monetary Fund,
|c 2010.
|
| 300 |
|
|
|a 1 online resource (48 pages)
|
| 490 |
1 |
|
|a IMF Working Papers
|
| 500 |
|
|
|a <strong>Off-Campus Access:</strong> No User ID or Password Required
|
| 500 |
|
|
|a <strong>On-Campus Access:</strong> No User ID or Password Required
|
| 506 |
|
|
|a Electronic access restricted to authorized BRAC University faculty, staff and students
|
| 520 |
3 |
|
|a In this paper we first explain why most microstates (countries with less than 2 million inhabitants) have gained independence only in the last 30 years. Despite the higher costs and risks microstates face, their ability to better accommodate local preferences combined with a more integrated world economy probably explains why the benefits of independence have risen. We explain why microstates at independence have chosen either dollarization, currency board arrangements, or fixed exchange rates rather than more flexible forms of exchange rate systems. We then, using the Geweke-Hajvassiliou-Keane multivariate normal simulator, model empirically the determinants of each of the different fixed exchange rate regimes in microstates and analyze the policy implications.
|
| 538 |
|
|
|a Mode of access: Internet
|
| 830 |
|
0 |
|a IMF Working Papers; Working Paper ;
|v No. 2010/012
|
| 856 |
4 |
0 |
|z Full text available on IMF
|u http://elibrary.imf.org/view/journals/001/2010/012/001.2010.issue-012-en.xml
|z IMF e-Library
|